LEADER 01061nam a2200241 4500 001 000000362082 003 CaOOAMICUS 005 20250311143130.0 008 250311s1940 it 000 u ita r 040 $aSeMil$bita 100 1 $aFoddai, Giulio.$0(OLS)http://semarc/name/121662 245 10$aRitorni :$bAnton Giulio Barrili ... /$cGiulio Foddai. 264 1$aTorino :$bCasa Editrice A. & C.,$c1940. 300 $a89 p. ;$c18 cm 600 14$aPascoli, Giovanni <1855-1912>.$0(OLS)http://semarc/subject/3013 600 14$aGozzano, Guido <1883-1916>.$0(OLS)http://semarc/subject/8508 600 14$aCarducci, Giosuè <1835-1907>.$0(OLS)http://semarc/subject/4815 600 14$aOriani, Alfredo <1852-1909>.$0(OLS)http://semarc/subject/478 850 $aSeMil 852 $aSeMil$W1$xVenegono$y1$m5A IX 3/25$j255125$B253019$CSeMilBibl$Z2$F253019 $86 996 $6245$aRitorni :$bAnton Giulio Barrili ...$9(OLS)http://semarc/title/452938 996 $6264$aTorino :$bCasa Editrice A. & C.$9(OLS)http://semarc/publisher/35838 LEADER 00922nam a2200181 i 4500 001 000000231662 003 CaOOAMICUS 005 20140806000000.0 008 140806s1794 it u000 u fre u 013 $a210565 026 $au-ce ntil dueu leo- (C) 1794 (F) 040 $aSeMil$bita 245 10$aPlanches de l'origine de tous les cultes, du citoyen Dupuis, avec leur explication. 300 $a16 p., 22 carte di tav. :$bill. ;$c4°. 773 0 $aDupuis, Charles François <1742-1809>$tOrigine de tous les cultes ou religion universelle. Par Dupuis, citoyen francois. Premiere partie du tome 1. [-tome 7.].$dA Paris : Chez H. Agasse, [1794-1795], l'an III de la Republique.$w()30279 850 $aSeMil 852 $aSeMil$W1$xVenegono$y1$m2X II 19 FA$j182008$B182008$CSeMilBibl$Z2$F192976 $8I 996 $6245$aPlanches de l'origine de tous les cultes, du citoyen Dupuis, avec leur explication$9(OLS)http://semarc/title/330737 LEADER 01249nam a2200241 i 4500 001 000000008930 003 CaOOAMICUS 005 20250429123124.0 008 180830s2013 be u000 u lat u 040 $aSeMil$bita 041 $alat$afre 100 1 $aAilly, Pierre : d',$c.$0(OLS)http://semarc/name/4442 245 10$aPetri de Alliaco Questiones super primum, tertium et quartum librum Sententiarum /$ccura et studio Monica Brinzei. 260 $aTurnhout :$bBrepols,$c2013- 300 $av. ;$c26 cm. 490 1 $aCorpus Christianorum. Continuatio Mediaevalis 500 $aTesto in latino, introduzione e note in francese. 700 1 $aBrinzei, Monica,$d<1979- >.$0(OLS)http://semarc/name/4443 774 0 $aAilly, Pierre : d' $t1: Principia et quaestio circa prologum.$dTurnhout : Brepols, 2013.$kCorpus Christianorum. Continuatio Mediaevalis$z978-2-503-54692-6$g1$w()221721 830 0$aCorpus Christianorum. Continuatio Mediaevalis.$0(OLS)http://semarc/title/35 996 $6245$aPetri de Alliaco Questiones super primum, tertium et quartum librum Sententiarum$9(OLS)http://semarc/title/11807 996 $6260$aTurnhout :$bBrepols$9(OLS)http://semarc/publisher/29626